000 02079cam a2200457 a 4500
999 _c529762
_d529762
001 13304748
003 NUST
005 20191003095944.0
008 030808s2003 dcuadkb b 000 0 eng d
010 _a 2003273158
_z 2003100793
020 _a0309069521
035 _a(OCoLC)ocm52061973
038 _aMSOHAIL
040 _aTRL
_cTRL
_dDAY
_dDLC
042 _alccopycat
043 _an-us---
050 0 0 _aHE355.3.C64
_bC37 2003
082 0 0 _a388.31
_222
100 1 _aCarson, Jodi L.
_q(Jodi Louise)
_922505
245 1 0 _aTransportation planning and management for special events /
_cConsultants: Jodi L. Carson and Ryan G. Bylsma.
260 _aWashington, D.C. :
_bNational Academy Press,
_c2003.
300 _a71 p. :
_bill., maps, charts, forms ;
_c28 cm.
440 0 _aSynthesis of highway practice,
_x0547-5570 ;
_v309
_922506
500 _aAt head of title: National Cooperative Highway Research Program.
500 _a"Research sponsored by the American Association of State Highway and Transportation Officials in cooperation with the Federal Highway Administration."
500 _a"Transportation Research Board, National Research Council."
504 _aIncludes bibliographical references (p. 44-45).
650 0 _aTraffic congestion
_zUnited States.
_920089
650 0 _aTraffic flow
_zUnited States.
_921435
650 0 _aHighway planning
_zUnited States.
_921432
650 0 _aTraffic engineering
_zUnited States.
_918350
700 1 _aBylsma, Ryan G.
_922507
710 2 _aNational Cooperative Highway Research Program.
_920864
710 2 _aAmerican Association of State Highway and Transportation Officials.
_919553
710 1 _aUnited States.
_bFederal Highway Administration.
_920149
710 2 _aNational Research Council (U.S.).
_bTransportation Research Board.
_922508
856 4 1 _3Table of contents
_uhttp://www.loc.gov/catdir/toc/fy041/2003273158.html
906 _a7
_bcbc
_ccopycat
_d2
_encip
_f20
_gy-gencatlg
942 _2ddc
_cBK